Normal view
MARC view
- McQuail, Denis
Entry Personal Name
001 - CONTROL NUMBER
- control field: 36781
003 - CONTROL NUMBER IDENTIFIER
- control field: OSt
005 - DATE AND TIME OF LATEST TRANSACTION
- control field: 20141203134307.0
008 - FIXED-LENGTH DATA ELEMENTS
- fixed length control field: 141203|| aca||aabn | a|a d
040 ## - CATALOGING SOURCE
- Original cataloging agency: OSt
100 1# - HEADING--PERSONAL NAME
- Personal name: McQuail, Denis
400 1# - SEE FROM TRACING--PERSONAL NAME
- Personal name: McQuail, D.
- Fuller form of name: (Denis)